[Event "CZE-chT2A 2223"]
[Site "Czech Republic"]
[Date "2023.02.05"]
[Round "8.2"]
[White "Chval, Zdenek1111"]
[Black "Stluka, Frantisek"]
[Result "1/2-1/2"]
[WhiteElo "1930"]
[BlackElo "2118"]
[PlyCount "54"]
[EventDate "2022.10.16"]
[EventType "team-tourn"]
[EventRounds "11"]
[EventCountry "CZE"]
[SourceTitle "EXT 2024"]
[Source "ChessBase"]
[SourceDate "2023.10.10"]
[SourceVersion "1"]
[SourceVersionDate "2023.10.10"]
[SourceQuality "1"]
[WhiteTeam "Budejovice II"]
[BlackTeam "Pribram"]
[WhiteTeamCountry "CZE"]
[BlackTeamCountry "CZE"]

1. e4 e6 2. d3 d5 3. Nd2 c5 4. Ngf3 b6 5. g3 Bb7 6. Bg2 Nf6 7. e5 Nfd7 8. 0-0 Nc6 9. Re1 Qc7 10. Qe2 Be7 11. c3 0-0 12. Nf1 Rae8 13. Bf4 a5 14. h4 Nd8 15. N1h2 Qc6 16. Ng5 h6 17. Qh5 f6 18. Ngf3 Nf7 19. Ng4 f5 20. Nxh6+ Nxh6 21. Bxh6 gxh6 22. Qg6+ Kh8 23. Qxh6+ Kg8 24. Qg6+ Kh8 25. Qh6+ Kg8 26. Qg6+ Kh8 27. Qh6+ Kg8 1/2-1/2

[Event "CZE-chT2A 2223"]
[Site "Czech Republic"]
[Date "2022.12.18"]
[Round "5.2"]
[White "Stluka, Frantisek"]
[Black "Pokorny, Petr"]
[Result "1/2-1/2"]
[WhiteElo "2118"]
[BlackElo "2113"]
[PlyCount "24"]
[EventDate "2022.10.16"]
[EventType "team-tourn"]
[EventRounds "11"]
[EventCountry "CZE"]
[SourceTitle "EXT 2024"]
[Source "ChessBase"]
[SourceDate "2023.10.10"]
[SourceVersion "1"]
[SourceVersionDate "2023.10.10"]
[SourceQuality "1"]
[WhiteTeam "Pribram"]
[BlackTeam "Unichess"]
[WhiteTeamCountry "CZE"]
[BlackTeamCountry "CZE"]

1. d4 d5 2. c4 e6 3. Nc3 c6 4. cxd5 exd5 5. Qc2 Bd6 6. Nf3 Ne7 7. Bg5 Bf5 8. Qxf5 Nxf5 9. Bxd8 Kxd8 10. e3 Nd7 11. Bd3 Nh6 12. Rc1 f5 1/2-1/2

[Event "CZE-chT2A 1920"]
[Site "Czech Republic"]
[Date "2020.06.27"]
[Round "10.5"]
[White "Stluka, Frantisek"]
[Black "Janeba, Petr"]
[Result "1/2-1/2"]
[WhiteElo "2107"]
[BlackElo "1771"]
[PlyCount "61"]
[EventDate "2019.10.13"]
[EventType "team-tourn"]
[EventRounds "11"]
[EventCountry "CZE"]
[SourceTitle "EXT 2024"]
[Source "ChessBase"]
[SourceDate "2023.10.10"]
[SourceVersion "1"]
[SourceVersionDate "2023.10.10"]
[SourceQuality "1"]
[WhiteTeam "Pribram Banik"]
[BlackTeam "Strakonice"]
[WhiteTeamCountry "CZE"]
[BlackTeamCountry "CZE"]

1. d4 f5 2. g3 Nf6 3. Bg2 e6 4. Nf3 d5 5. 0-0 Be7 6. Nbd2 0-0 7. Ne5 Bd7 8. Ndf3 Be8 9. Ne1 Nbd7 10. Bf4 Nxe5 11. Bxe5 Ng4 12. Nd3 Bd6 13. Bxd6 Qxd6 14. Qd2 Nf6 15. f3 h6 16. c3 Nd7 17. Rae1 c6 18. e4 fxe4 19. fxe4 Rxf1+ 20. Kxf1 Bf7 21. e5 Qe7 22. Kg1 b5 23. Rf1 a5 24. a3 c5 25. b4 axb4 26. axb4 c4 27. Nc5 Nf8 28. Qb2 Qa7 29. Qf2 Qe7 30. Qb2 Qa7 31. Qf2 1/2-1/2

[Event "CZE-chT2A 1920"]
[Site "Czech Republic"]
[Date "2019.11.03"]
[Round "2.4"]
[White "Stluka, Frantisek"]
[Black "Haba, Zdenek"]
[Result "1/2-1/2"]
[WhiteElo "2107"]
[BlackElo "2166"]
[PlyCount "83"]
[EventDate "2019.10.13"]
[EventType "team-tourn"]
[EventRounds "11"]
[EventCountry "CZE"]
[SourceTitle "EXT 2024"]
[Source "ChessBase"]
[SourceDate "2023.10.10"]
[SourceVersion "1"]
[SourceVersionDate "2023.10.10"]
[SourceQuality "1"]
[WhiteTeam "Pribram Banik"]
[BlackTeam "Praha Mahrla"]
[WhiteTeamCountry "CZE"]
[BlackTeamCountry "CZE"]

1. d4 Nf6 2. c4 g6 3. Nc3 Bg7 4. e4 d6 5. f4 0-0 6. Nf3 c5 7. d5 b5 8. cxb5 a6 9. a4 Nbd7 10. Be2 axb5 11. Bxb5 Ba6 12. Qe2 Nxe4 13. Ra3 Nxc3 14. bxc3 Bxb5 15. Qxb5 Nb6 16. c4 Rb8 17. Qa6 Qc8 18. Qxc8 Rfxc8 19. Nd2 Na8 20. Ke2 Rb4 21. Kd3 Nc7 22. Ne4 Rcb8 23. Bd2 Rb2 24. Rha1 e6 25. dxe6 fxe6 26. R1a2 Rxa2 27. Rxa2 Na6 28. a5 d5 29. Nd6 Kf8 30. Nb5 Ke7 31. Bc3 Nb4+ 32. Bxb4 cxb4 33. Ra4 b3 34. a6 dxc4+ 35. Kxc4 b2 36. Rb4 Kd7 37. a7 Ra8 38. Kd3 Kc6 39. Nd4+ Bxd4 40. Kxd4 Rxa7 41. Rxb2 Kd6 42. Rb6+ 1/2-1/2

[Event "CZE-chT2A 1819"]
[Site "Czech Republic"]
[Date "2019.01.27"]
[Round "7.4"]
[White "Stluka, Frantisek"]
[Black "Filipi, Stepan"]
[Result "1-0"]
[WhiteElo "2115"]
[BlackElo "2212"]
[PlyCount "83"]
[EventDate "2018.10.14"]
[EventType "team-tourn"]
[EventRounds "11"]
[EventCountry "CZE"]
[SourceTitle "EXT 2022"]
[Source "ChessBase"]
[SourceDate "2021.10.06"]
[SourceVersion "1"]
[SourceVersionDate "2021.10.06"]
[SourceQuality "1"]
[WhiteTeam "Pribram Banik"]
[BlackTeam "Vysehrad II"]
[WhiteTeamCountry "CZE"]
[BlackTeamCountry "CZE"]

1. d4 Nf6 2. c4 e6 3. Nf3 Bb4+ 4. Bd2 Bxd2+ 5. Qxd2 d6 6. Nc3 Nbd7 7. g3 0-0 8. Bg2 Qe7 9. 0-0 c6 10. Qc2 e5 11. e4 Re8 12. d5 c5 13. Nd2 Nf8 14. a4 a6 15. Ra3 g6 16. Ne2 Nh5 17. f4 f5 18. Re3 exf4 19. Nxf4 Nxf4 20. gxf4 fxe4 21. Bxe4 Qf6 22. Rg3 Kh8 23. f5 Qd4+ 24. Kh1 gxf5 25. Bxf5 Re2 26. Bxc8 Rxc8 27. Qf5 Ree8 28. Nf3 Qxb2 29. Ng5 Ng6 30. Nxh7 Qe5 31. Qxg6 Rg8 32. Qf6+ Qxf6 33. Nxf6 Rxg3 34. hxg3 b5 35. axb5 axb5 36. cxb5 c4 37. Rc1 Rc5 38. b6 Rb5 39. Nd7 Rb4 40. Kg2 Kg7 41. Kf3 Kf7 42. Rxc4 1-0

[Event "CZE-chT2A 1819"]
[Site "Czech Republic"]
[Date "2018.10.14"]
[Round "1.4"]
[White "Stluka, Frantisek"]
[Black "Slapak, Zdenek"]
[Result "1-0"]
[WhiteElo "2115"]
[BlackElo "2087"]
[PlyCount "73"]
[EventDate "2018.10.14"]
[EventType "team-tourn"]
[EventRounds "11"]
[EventCountry "CZE"]
[SourceTitle "EXT 2022"]
[Source "ChessBase"]
[SourceDate "2021.10.06"]
[SourceVersion "1"]
[SourceVersionDate "2021.10.06"]
[SourceQuality "1"]
[WhiteTeam "Pribram Banik"]
[BlackTeam "Strakonice"]
[WhiteTeamCountry "CZE"]
[BlackTeamCountry "CZE"]

1. d4 Nf6 2. c4 e6 3. Nf3 b6 4. a3 Bb7 5. Nc3 d5 6. cxd5 exd5 7. g3 Nbd7 8. Bg2 Be7 9. 0-0 0-0 10. Bf4 a6 11. Rc1 Rc8 12. Qa4 c5 13. Rfd1 b5 14. Qb3 c4 15. Qc2 Qb6 16. Ne5 Rcd8 17. h3 a5 18. e4 dxe4 19. Nxe4 Nxe4 20. Bxe4 Nf6 21. Bxb7 Qxb7 22. a4 Nd5 23. axb5 Nxf4 24. gxf4 Qxb5 25. Nxc4 Qh5 26. Qd3 Bd6 27. Nxd6 Rxd6 28. Rc5 Rg6+ 29. Kh2 Qh4 30. Qe3 a4 31. d5 Rb6 32. Rd2 Qf6 33. Qe5 Qd8 34. d6 Re8 35. Qxe8+ Qxe8 36. d7 Qd8 37. Rc8 1-0

[Event "Rakovnik Regional-chT 1415"]
[Site "Rakovnik"]
[Date "2015.02.15"]
[Round "8.4"]
[White "Bechyne, Jaroslav"]
[Black "Stluka, Frantisek"]
[Result "1/2-1/2"]
[WhiteElo "2075"]
[BlackElo "2067"]
[PlyCount "33"]
[EventDate "2014.10.19"]
[EventType "team-tourn"]
[EventRounds "11"]
[EventCountry "CZE"]
[SourceTitle "EXT 2016"]
[Source "ChessBase"]
[SourceDate "2015.10.08"]
[SourceVersion "1"]
[SourceVersionDate "2015.10.08"]
[SourceQuality "1"]
[WhiteTeam "Kostelec nad CL"]
[BlackTeam "Pribram Pyrit"]
[WhiteTeamCountry "CZE"]
[BlackTeamCountry "CZE"]

1. Nf3 Nf6 2. d4 g6 3. Bg5 Bg7 4. Nc3 d6 5. e4 0-0 6. Qd2 c6 7. a4 Nbd7 8. Be2 Qc7 9. 0-0 e5 10. dxe5 dxe5 11. Rfe1 Re8 12. Rad1 Nc5 13. Bc4 Be6 14. Qe3 Ncd7 15. Bxe6 Rxe6 16. h3 Ne8 17. Bh6 1/2-1/2

[Event "Rakovnik Regional-chT 1415"]
[Site "Rakovnik"]
[Date "2015.01.18"]
[Round "6.5"]
[White "Stluka, Frantisek"]
[Black "Kozeny, Pavel"]
[Result "1/2-1/2"]
[WhiteElo "2067"]
[BlackElo "2070"]
[PlyCount "36"]
[EventDate "2014.10.19"]
[EventType "team-tourn"]
[EventRounds "11"]
[EventCountry "CZE"]
[SourceTitle "EXT 2016"]
[Source "ChessBase"]
[SourceDate "2015.10.08"]
[SourceVersion "1"]
[SourceVersionDate "2015.10.08"]
[SourceQuality "1"]
[WhiteTeam "Pribram Pyrit"]
[BlackTeam "Lysa nad Labem IV"]
[WhiteTeamCountry "CZE"]
[BlackTeamCountry "CZE"]

1. d4 e6 2. c4 d5 3. Nc3 Nf6 4. cxd5 exd5 5. Bg5 Be7 6. Qc2 c6 7. e3 Bg4 8. Bd3 Bh5 9. f3 Bg6 10. Nge2 Bxd3 11. Qxd3 Nbd7 12. 0-0 0-0 13. Rae1 Re8 14. Bh4 Nf8 15. Bf2 Bd6 16. e4 dxe4 17. fxe4 c5 18. d5 Ng6 1/2-1/2

[Event "Rakovnik Regional-chT 1415"]
[Site "Rakovnik"]
[Date "2014.10.19"]
[Round "1.5"]
[White "Stluka, Frantisek"]
[Black "Jarrah, Kamal"]
[Result "1/2-1/2"]
[WhiteElo "2067"]
[BlackElo "2044"]
[PlyCount "31"]
[EventDate "2014.10.19"]
[EventType "team-tourn"]
[EventRounds "11"]
[EventCountry "CZE"]
[SourceTitle "EXT 2016"]
[Source "ChessBase"]
[SourceDate "2015.10.08"]
[SourceVersion "1"]
[SourceVersionDate "2015.10.08"]
[SourceQuality "1"]
[WhiteTeam "Pribram Pyrit"]
[BlackTeam "Kralupy nad Vltavou"]
[WhiteTeamCountry "CZE"]
[BlackTeamCountry "CZE"]

1. d4 d5 2. c4 e6 3. Nc3 c5 4. cxd5 cxd4 5. Qxd4 Nc6 6. Qd1 exd5 7. Qxd5 Bd7 8. e3 Nf6 9. Qb3 Bb4 10. Bd2 Qa5 11. Nf3 0-0 12. Bc4 Bg4 13. Be2 Be6 14. Bc4 Bg4 15. Be2 Be6 16. Bc4 1/2-1/2

[Event "CZE-chT2A 1011"]
[Site "Czech Republic"]
[Date "2011.04.10"]
[Round "11"]
[White "Stluka, Frantisek"]
[Black "Vodicka, Vlastimil"]
[Result "1/2-1/2"]
[WhiteElo "2098"]
[BlackElo "2133"]
[PlyCount "48"]
[EventDate "2010.10.17"]
[EventType "team-tourn"]
[EventRounds "11"]
[EventCountry "CZE"]
[SourceTitle "EXT 2012"]
[Source "ChessBase"]
[SourceDate "2011.11.24"]
[SourceVersion "1"]
[SourceVersionDate "2011.11.24"]
[SourceQuality "1"]
[WhiteTeam "Pisek Platan"]
[BlackTeam "Vysehrad II"]
[WhiteTeamCountry "CZE"]
[BlackTeamCountry "CZE"]

1. d4 Nf6 2. c4 d6 3. Nc3 g6 4. e4 Bg7 5. f4 0-0 6. Nf3 Na6 7. Be2 e5 8. fxe5 dxe5 9. d5 Nc5 10. Qc2 Nfxe4 11. Nxe4 Bf5 12. Bd3 Bxe4 13. Bxe4 f5 14. Bxf5 Rxf5 15. Be3 e4 16. Bxc5 exf3 17. 0-0 b6 18. Be3 Qe7 19. Rae1 Re8 20. Bf2 fxg2 21. Kxg2 Qg5+ 22. Bg3 Rxe1 23. Rxe1 Be5 24. Re4 Bxg3 1/2-1/2

[Event "CZE-chT2A 0910"]
[Site "Czech Republic"]
[Date "2010.01.31"]
[Round "6.5"]
[White "Priborsky, Marek"]
[Black "Stluka, Frantisek"]
[Result "1-0"]
[WhiteElo "2203"]
[BlackElo "2136"]
[PlyCount "71"]
[EventDate "2009.10.18"]
[EventType "team-tourn"]
[EventRounds "11"]
[EventCountry "CZE"]
[SourceTitle "EXT 2012"]
[Source "ChessBase"]
[SourceDate "2011.11.24"]
[SourceVersion "1"]
[SourceVersionDate "2011.11.24"]
[SourceQuality "1"]
[WhiteTeam "Plzen Sokol"]
[BlackTeam "Pisek Platan"]
[WhiteTeamCountry "CZE"]
[BlackTeamCountry "CZE"]

1. e4 e5 2. Nf3 Nc6 3. Nc3 d6 4. d4 Bg4 5. Bb5 Bxf3 6. Qxf3 exd4 7. Ne2 a6 8. Bxc6+ bxc6 9. Nxd4 c5 10. Ne2 Ne7 11. Bg5 Rb8 12. 0-0-0 f6 13. Be3 Qc8 14. c3 Qe6 15. Kb1 Ng6 16. Nf4 Nxf4 17. Bxf4 g6 18. Qd3 Bg7 19. Qd5 Qxd5 20. exd5 Kd7 21. Kc2 Rhe8 22. Rhe1 f5 23. b3 Rxe1 24. Rxe1 Re8 25. Rxe8 Kxe8 26. Kd3 Kd7 27. b4 cxb4 28. cxb4 Kc8 29. Kc4 Kb7 30. f3 Be5 31. g3 Bxf4 32. gxf4 Kb6 33. a4 c6 34. h4 Kc7 35. dxc6 Kxc6 36. Kd4 1-0

[Event "CZE-chT2A 0910"]
[Site "Czech Republic"]
[Date "2009.11.22"]
[Round "3.5"]
[White "Stluka, Frantisek"]
[Black "Skut, Michal"]
[Result "1-0"]
[WhiteElo "2136"]
[BlackElo "2058"]
[PlyCount "67"]
[EventDate "2009.10.18"]
[EventType "team-tourn"]
[EventRounds "11"]
[EventCountry "CZE"]
[SourceTitle "EXT 2012"]
[Source "ChessBase"]
[SourceDate "2011.11.24"]
[SourceVersion "1"]
[SourceVersionDate "2011.11.24"]
[SourceQuality "1"]
[WhiteTeam "Pisek Platan"]
[BlackTeam "Klatovy"]
[WhiteTeamCountry "CZE"]
[BlackTeamCountry "CZE"]

1. d4 Nf6 2. c4 g6 3. Nc3 Bg7 4. e4 d6 5. f4 0-0 6. Nf3 c5 7. d5 e6 8. Be2 exd5 9. cxd5 b5 10. e5 dxe5 11. fxe5 Ng4 12. Bg5 Qb6 13. 0-0 c4+ 14. Kh1 Nxe5 15. Be7 Re8 16. d6 Ng4 17. Nd5 Nf2+ 18. Rxf2 Qxf2 19. Nc7 Bd7 20. Nxa8 Qc5 21. Qd2 c3 22. Rc1 Na6 23. bxc3 Rxa8 24. Nd4 Nc7 25. Bf3 Rc8 26. Bb7 Re8 27. Bc6 Rxe7 28. dxe7 Bxc6 29. Nxc6 Qxc6 30. Qd8+ Ne8 31. Rd1 f6 32. Rd6 Qxd6 33. Qxe8+ Bf8 34. Qxf8# 1-0

[Event "CZE-chT2A 0809"]
[Site "Czech Republic"]
[Date "2009.01.25"]
[Round "7.4"]
[White "Stluka, Frantisek"]
[Black "Priborsky, Marek"]
[Result "1/2-1/2"]
[WhiteElo "2138"]
[BlackElo "2186"]
[PlyCount "88"]
[EventDate "2008.10.12"]
[EventType "team-tourn"]
[EventRounds "11"]
[EventCountry "CZE"]
[SourceTitle "EXT 2010"]
[Source "ChessBase"]
[SourceDate "2010.11.25"]
[SourceVersion "1"]
[SourceVersionDate "2010.11.25"]
[SourceQuality "1"]
[WhiteTeam "Pribram Pyrit"]
[BlackTeam "Plzen Sokol II"]
[WhiteTeamCountry "CZE"]
[BlackTeamCountry "CZE"]

1. d4 Nf6 2. c4 g6 3. Nc3 Bg7 4. e4 d6 5. f4 0-0 6. Nf3 c5 7. d5 e6 8. Be2 exd5 9. cxd5 Bg4 10. 0-0 Nfd7 11. Nd2 Bxe2 12. Qxe2 Re8 13. Qf3 Na6 14. Kh1 Nc7 15. a4 Rb8 16. Nc4 Nb6 17. Nxb6 axb6 18. Bd2 f5 19. exf5 gxf5 20. g4 Qd7 21. Rg1 Re7 22. Rg2 Rf8 23. gxf5 Qxf5 24. Rag1 Rff7 25. Rg5 Qc2 26. Qg2 Ne8 27. h4 Nf6 28. h5 h6 29. Rg6 Qf5 30. Rxh6 Kf8 31. Rg6 Qxh5+ 32. Qh2 Qf3+ 33. R1g2 Ke8 34. R6g3 Qf1+ 35. Rg1 Qc4 36. Rxg7 Rxg7 37. Qh8+ Kd7 38. Rxg7 Qf1+ 39. Kh2 Qf2+ 40. Rg2 Ng4+ 41. Kh1 Qf1+ 42. Rg1 Qf3+ 43. Rg2 Qf1+ 44. Rg1 Qf3+ 1/2-1/2

[Event "CZE-chT2A 0809"]
[Site "Czech Republic"]
[Date "2008.10.12"]
[Round "1.4"]
[White "Stluka, Frantisek"]
[Black "Eretova, Jana"]
[Result "1-0"]
[WhiteElo "2138"]
[BlackElo "2171"]
[PlyCount "93"]
[EventDate "2008.10.12"]
[EventType "team-tourn"]
[EventRounds "11"]
[EventCountry "CZE"]
[SourceTitle "EXT 2010"]
[Source "ChessBase"]
[SourceDate "2010.11.25"]
[SourceVersion "1"]
[SourceVersionDate "2010.11.25"]
[SourceQuality "1"]
[WhiteTeam "Pribram Pyrit"]
[BlackTeam "Klatovy Sokol "]
[WhiteTeamCountry "CZE"]
[BlackTeamCountry "CZE"]

1. d4 d5 2. c4 e6 3. cxd5 exd5 4. Nc3 c6 5. Qc2 Na6 6. a3 Nc7 7. Nf3 Nf6 8. Bg5 Be7 9. e3 0-0 10. Bd3 g6 11. 0-0 Ne6 12. Bh4 Ng7 13. b4 a6 14. Ne5 Bf5 15. f3 Bxd3 16. Qxd3 Nf5 17. Bf2 a5 18. e4 axb4 19. axb4 Ng7 20. b5 Qc7 21. bxc6 bxc6 22. Ra6 Rxa6 23. Qxa6 Bb4 24. Nxd5 Nxd5 25. Qxc6 Rd8 26. Qxc7 Nxc7 27. Nc6 Nge6 28. d5 Bd6 29. dxe6 Re8 30. exf7+ Kxf7 31. Rd1 Nb5 32. Rd5 Rc8 33. Rxb5 Rxc6 34. g3 h5 35. Kg2 Rc2 36. f4 h4 37. e5 Be7 38. Kf3 Rc3+ 39. Kg4 Rc2 40. Be1 Rxh2 41. gxh4 Rh1 42. Bf2 Rf1 43. Rb2 Rh1 44. Bg3 Rg1 45. Rh2 Bb4 46. h5 gxh5+ 47. Rxh5 1-0

[Event "Klatovy op-A"]
[Site "Klatovy"]
[Date "2007.07.04"]
[Round "5"]
[White "Stluka, Frantisek"]
[Black "Cekan, Petr"]
[Result "1-0"]
[WhiteElo "2148"]
[BlackElo "1972"]
[PlyCount "91"]
[EventDate "2007.06.30"]
[EventType "swiss"]
[EventRounds "9"]
[EventCountry "CZE"]
[SourceTitle "CBM 119 Extra"]
[Source "ChessBase"]
[SourceDate "2007.09.04"]
[SourceVersion "1"]
[SourceVersionDate "2007.09.04"]
[SourceQuality "1"]

1. d4 d5 2. c4 dxc4 3. Nf3 Nf6 4. e3 e6 5. Bxc4 c5 6. 0-0 a6 7. a4 b6 8. Nc3 Bb7 9. Qe2 Qc7 10. Rd1 Be7 11. e4 cxd4 12. Nxd4 Nc6 13. Nxc6 Qxc6 14. f3 Bc5+ 15. Kh1 0-0 16. e5 Nd7 17. Bf4 Rfd8 18. Ne4 Nf8 19. Rxd8 Rxd8 20. Bxa6 Bxa6 21. Qxa6 Ng6 22. Bg3 Bd4 23. Rd1 Rd5 24. b3 Bxe5 25. Qe2 Nf4 26. Rxd5 exd5 27. Qd2 Qc7 28. Nf2 h6 29. Ng4 Bd6 30. Ne3 g6 31. Bxf4 Bxf4 32. Nxd5 Qd6 33. Qxf4 Qxd5 34. Qb8+ Kh7 35. Qxb6 Qd1+ 36. Qg1 Qxb3 37. Qa1 Qb6 38. a5 Qa6 39. h3 h5 40. Qe5 Qf1+ 41. Kh2 h4 42. Qe7 Qc4 43. Qd6 Qe2 44. a6 Qf2 45. Qc7 Kh6 46. a7 1-0

[Event "Klatovy op-A"]
[Site "Klatovy"]
[Date "2007.07.02"]
[Round "3"]
[White "Stluka, Frantisek"]
[Black "Kubecka, David"]
[Result "1/2-1/2"]
[WhiteElo "2148"]
[BlackElo "2264"]
[PlyCount "111"]
[EventDate "2007.06.30"]
[EventType "swiss"]
[EventRounds "9"]
[EventCountry "CZE"]
[SourceTitle "CBM 119 Extra"]
[Source "ChessBase"]
[SourceDate "2007.09.04"]
[SourceVersion "1"]
[SourceVersionDate "2007.09.04"]
[SourceQuality "1"]

1. d4 Nf6 2. c4 g6 3. Nc3 Bg7 4. e4 d6 5. f4 c5 6. d5 0-0 7. Nf3 b5 8. cxb5 a6 9. a4 Nbd7 10. Be2 axb5 11. Bxb5 Ba6 12. Qe2 Qb6 13. Nd2 Rfb8 14. Nc4 Qc7 15. Ra3 Bxb5 16. Nxb5 Qd8 17. Bd2 Ra6 18. 0-0 Rba8 19. Rfa1 Nb6 20. Nxb6 Qxb6 21. Bc3 Ne8 22. e5 Nc7 23. Nxc7 Qxc7 24. a5 Qd7 25. Rd1 Qf5 26. Ra4 h5 27. g3 R6a7 28. Kg2 Qd7 29. Re4 Qb7 30. Kg1 Qb3 31. Rd2 Rd8 32. Qd1 Qb8 33. Qe2 Qa8 34. Qc4 Kh7 35. Re1 Bh6 36. Rd3 Bg7 37. Ra1 Qb8 38. Re1 Qa8 39. h3 Rb8 40. Kh2 Rab7 41. Re2 h4 42. gxh4 Rb4 43. Bxb4 Rxb4 44. Qc1 Qxa5 45. e6 f5 46. h5 gxh5 47. Rg3 Bh6 48. Rf2 Qa4 49. b3 Qa8 50. Qd1 Qe8 51. Qc2 Qf8 52. Qe2 Qe8 53. Qc2 Qf8 54. Qe2 Qe8 55. Qc2 Qf8 56. Qe2 1/2-1/2

[Event "Klatovy op-A"]
[Site "Klatovy"]
[Date "2007.07.01"]
[Round "2"]
[White "Palla, Rostislav"]
[Black "Stluka, Frantisek"]
[Result "0-1"]
[WhiteElo "1803"]
[BlackElo "2148"]
[PlyCount "76"]
[EventDate "2007.06.30"]
[EventType "swiss"]
[EventRounds "9"]
[EventCountry "CZE"]
[SourceTitle "CBM 119 Extra"]
[Source "ChessBase"]
[SourceDate "2007.09.04"]
[SourceVersion "1"]
[SourceVersionDate "2007.09.04"]
[SourceQuality "1"]

1. e4 e5 2. Nf3 Nc6 3. Bb5 a6 4. Ba4 d6 5. 0-0 Bd7 6. c3 g6 7. h3 Bg7 8. d3 Nf6 9. Nh2 0-0 10. f4 Ne7 11. Bxd7 Nxd7 12. f5 d5 13. g4 f6 14. Be3 Rf7 15. Nf3 b5 16. Nbd2 c5 17. Qe2 d4 18. cxd4 cxd4 19. Bf2 g5 20. Nb3 Nc6 21. Rfc1 Rc8 22. Be1 Bf8 23. a3 Bd6 24. Rc2 Nb6 25. Rac1 Rfc7 26. h4 h6 27. hxg5 hxg5 28. Qh2 Rh7 29. Qg3 Qe8 30. Na5 Nxa5 31. Bxa5 Rxc2 32. Rxc2 Na4 33. Nxd4 Bc5 34. Rxc5 Nxc5 35. Ne2 Qd7 36. d4 Nxe4 37. Qb3+ Qf7 38. Qe3 Qd5 0-1

[Event "Klatovy op-A"]
[Site "Klatovy"]
[Date "2005.07.02"]
[Round "1"]
[White "Kasik, Miroslav"]
[Black "Stluka, Frantisek"]
[Result "0-1"]
[WhiteElo "1936"]
[BlackElo "2121"]
[PlyCount "50"]
[EventDate "2005.07.02"]
[EventType "swiss"]
[EventRounds "9"]
[EventCountry "CZE"]
[SourceTitle "CBM 107 Extra"]
[Source "ChessBase"]
[SourceDate "2005.09.01"]
[SourceVersion "1"]
[SourceVersionDate "2005.09.01"]
[SourceQuality "1"]

1. e4 e5 2. Nf3 Nc6 3. Bb5 a6 4. Ba4 d6 5. d4 b5 6. Bb3 Nxd4 7. Nxd4 exd4 8. Bd5 Rb8 9. Qxd4 Nf6 10. Bc6+ Bd7 11. Bxd7+ Qxd7 12. 0-0 Be7 13. Nc3 0-0 14. Nd5 Nxd5 15. Qxd5 Bf6 16. Rb1 b4 17. b3 Rb5 18. Qc4 Rc5 19. Qe2 Qc6 20. Bd2 Re8 21. f3 Rxc2 22. Qd3 Rxa2 23. Rfc1 Qb6+ 24. Be3 Qb7 25. Rc4 Bc3 0-1

[Event "CZE-chT2a 0405"]
[Site "Czech Republic"]
[Date "2005.03.20"]
[Round "10.4"]
[White "Stluka, Frantisek"]
[Black "Blecha, Miroslav"]
[Result "1-0"]
[WhiteElo "2130"]
[BlackElo "2158"]
[PlyCount "63"]
[EventDate "2004.10.17"]
[EventType "team"]
[EventRounds "11"]
[EventCountry "CZE"]
[SourceTitle "EXT 2007"]
[Source "ChessBase"]
[SourceDate "2006.11.23"]
[SourceVersion "1"]
[SourceVersionDate "2006.11.23"]
[SourceQuality "1"]
[WhiteTeam "Pribram"]
[BlackTeam "Plzen Letna"]
[WhiteTeamCountry "CZE"]
[BlackTeamCountry "CZE"]

1. d4 g6 2. c4 Bg7 3. Nc3 c5 4. d5 f5 5. g3 d6 6. Bg2 Nf6 7. Nh3 Na6 8. Nf4 Nc7 9. h4 Rb8 10. a4 b6 11. h5 Nxh5 12. Nxh5 gxh5 13. e4 Kf8 14. Qxh5 e6 15. dxe6 Bxe6 16. Nd5 Bxd5 17. cxd5 fxe4 18. Bxe4 Qf6 19. Rh4 Qe5 20. Rf4+ Ke7 21. Rf7+ Kd8 22. Qh4+ Kc8 23. Qg4+ Kb7 24. Rxg7 Rbe8 25. f3 Qd4 26. Ra3 Qg1+ 27. Kd2 Qf2+ 28. Kd1 h5 29. Qd7 Rc8 30. a5 Kb8 31. axb6 axb6 32. Qc6 1-0

[Event "CZE-chT2a 0405"]
[Site "Czech Republic"]
[Date "2005.02.06"]
[Round "7.4"]
[White "Stluka, Frantisek"]
[Black "Most, Zdenek"]
[Result "1/2-1/2"]
[WhiteElo "2130"]
[BlackElo "2145"]
[PlyCount "171"]
[EventDate "2004.10.17"]
[EventType "team"]
[EventRounds "11"]
[EventCountry "CZE"]
[SourceTitle "EXT 2007"]
[Source "ChessBase"]
[SourceDate "2006.11.23"]
[SourceVersion "1"]
[SourceVersionDate "2006.11.23"]
[SourceQuality "1"]
[WhiteTeam "Pribram"]
[BlackTeam "Habartov"]
[WhiteTeamCountry "CZE"]
[BlackTeamCountry "CZE"]

1. d4 Nf6 2. c4 g6 3. Nc3 Bg7 4. e4 d6 5. f4 c5 6. d5 e6 7. Nf3 exd5 8. cxd5 0-0 9. Be2 Re8 10. Nd2 Na6 11. 0-0 Nc7 12. a4 b6 13. Kh1 Rb8 14. Bf3 a6 15. Nc4 b5 16. Nxd6 Qxd6 17. e5 Qd8 18. d6 Ne6 19. exf6 Bxf6 20. axb5 axb5 21. Bc6 Bd7 22. Bxd7 Qxd7 23. Ne4 Bg7 24. Qd5 Qb7 25. Qxb7 Rxb7 26. g4 Bd4 27. f5 Nf8 28. Re1 Kg7 29. Bf4 Nd7 30. Nc3 Rxe1+ 31. Rxe1 Bxc3 32. bxc3 gxf5 33. gxf5 Kf6 34. Re7 b4 35. cxb4 cxb4 36. Be3 h5 37. Bd4+ Kxf5 38. Rxf7+ Ke6 39. Rh7 b3 40. Rxh5 b2 41. Rh6+ Kf5 42. Bxb2 Rxb2 43. Rh3 Ne5 44. Rg3 Rd2 45. Rg2 Rxd6 46. Rf2+ Kg4 47. Kg2 Ng6 48. h3+ Kg5 49. Kg3 Nh4 50. Ra2 Rd3+ 51. Kh2 Nf3+ 52. Kg2 Nd4 53. Rf2 Ne6 54. Rf3 Rd2+ 55. Rf2 Nf4+ 56. Kg3 Rd3+ 57. Rf3 Nh5+ 58. Kg2 Rd1 59. Rf2 Rb1 60. Kh2 Nf4 61. Kg3 Rg1+ 62. Kh2 Re1 63. Kg3 Nh5+ 64. Kg2 Kh4 65. Rf3 Re4 66. Rf8 Rb4 67. Kf3 Kxh3 68. Rh8 Kh4 69. Ke3 Kg4 70. Rg8+ Kf5 71. Ra8 Rb5 72. Kd4 Nf6 73. Rd8 Rb1 74. Ke3 Ke5 75. Rd2 Nd5+ 76. Kd3 Rb3+ 77. Kc2 Rc3+ 78. Kb2 Rc8 79. Rh2 Kd4 80. Rd2+ Ke4 81. Rh2 Rb8+ 82. Kc2 Ne3+ 83. Kc3 Rc8+ 84. Kb4 Nc2+ 85. Kb3 Nd4+ 86. Kb4 1/2-1/2